01484 2200409 4500001002100000005001500021035002000036007000300056008004100059020002200100040002200122082001900144084002100163090002200184100004800206245023600254250003400490300003100524650003000555700002800585700002800613700002100641700003400662700002700696700002900723700004100752700003400793700003400827700004200861850001200903264004100915336002100956337003000977338002301007999002201030990002201052INLIS00000000088629120240507095832 a0010-0524000122ta240507s2024 yoi g j ind d a978-623-8486-44-1 aYOPDYOGbinderda04223a899.221301 a899.221301 ABD g aCB-D.11 2024-05100 aAbdul Wahhab Al Muqtashidd2004-epengarang10aGradasi aksara /cAbdul Wahhab Al Muqtashid, Afisa Ralina, Ahmad Naufal, Anisa, Ardan Yogi Pratama, Ayu Sofiana, Dea Oktaviana, Deffa Gheriya Herinkasari, Emilda Mayang Sari; penyunting, Aniqmatul Latifah, Putri Ningrum Aryaningsih aCetakan pertama, Januari 2024 aviii, 322 halaman ;c21 cm 4aCerita pendek--xKumpulan0 aAfisa Ralinaepengarang0 aAhmad Naufalepengarang0 aAnisaepengarang0 aArdan Yogi Pratamaepengarang0 aAyu Sofianaepengarang0 aDea Oktavianaepengarang0 aDeffa Gheriya Herinkasariepengarang0 aEmilda Mayang Sariepengarang0 aAniqmatul Latifahepenyunting0 aPutri Ningrum Aryaningsihepenyunting aYOPDYOG31aBantul :bSelat Media Patners,c2024 2rdacontentateks 2rdamediaatanpa perantara 2rdacarrieravolume aCB-D.11/2024-0510 aCB-D.11/2024-0510